000 01034nam a2200313Ia 4500
005 20251020182457.0
008 200515s9999 xx 000 0 und d
020 _a968-464-009-9
082 _a624.072.2/B81
100 _aBranson, Dan E.
245 0 _aDiseño de vigas de concreto preforzado
250 _a1a ed.
260 _aMéxico, D.F.
260 _bInstituto Mexicano del Cemento y del Concreto
260 _c1981
300 _a111 p.
300 _bil., graf.
490 _aserie concreto estructural IMCYC
500 _a1 ejemplar
520 _aAplicación en una forma concisa y práctica del análisis y del diseño de elementos de concreto presforzado compuestas y no compuestas. Los temas a tratar son: Los elementos pretensados y postensados, el análisis elástico por flexión de los elementos no agr
650 _aCONCRETO
650 _aCONCRETO
650 _aCONCRETO PRESFORZADO
650 _aDISEÑO DE VIGAS
650 _aPUB IMCYC
650 _aVIGAS
942 _cLIB
999 _c1033
_d1033